000
00298nam a22001337a 4500
008
170220b xxu||||| |||| 00| 0 eng d
020
_a
9780801611216
041
_a
eng
080
_2
9 ED
_a
615
100
_a
5
101
_a
SHF
245
_a
BASIC PHARMACOLOGY FOR NURSE
_c
CLAYTON
942
_2
udc
_c
BK
999
_c
5776
_d
5776